000 00354 a2200157 4500
001 71975
020 _a8532252206
040 _cAnchieta - Colégio São Paulo
100 _aMachado, Ana Maria
240 1 0 _aOs três porquinhos
_lpor
245 1 0 _aOs três porquinhos
300 _a32
362 0 _a2004
650 4 _aLiteratura infantil
942 _cBK
999 _c71975
_d71975